ODBC 3.5 developer's guide
Αποθηκεύτηκε σε:
| Κύριος συγγραφέας: | |
|---|---|
| Μορφή: | Βιβλίο |
| Γλώσσα: | English |
| Δημοσίευση: |
New York :
McGraw-Hill,
c1999
|
| Σειρά: | McGraw-Hill series on data warehousing and data management
|
| Θέματα: | |
| Ετικέτες: |
Προσθήκη ετικέτας
Δεν υπάρχουν, Καταχωρήστε ετικέτα πρώτοι!
|
MARC
| LEADER | 00000nam a2200000 i 4500 | ||
|---|---|---|---|
| 001 | 1/95668 | ||
| 008 | 000208s1999 eng d | ||
| 020 | |a 0070580871 | ||
| 035 | |l 10055407 | ||
| 040 | |a GR-MY-UA |b gre |e aacr | ||
| 041 | 0 | |a eng | |
| 082 | 0 | |a 005.756 | |
| 100 | 1 | |a Sanders, Roger E. |d 1961- | |
| 245 | 1 | 0 | |a ODBC 3.5 developer's guide / |c Roger E. Sanders |
| 260 | |a New York : |b McGraw-Hill, |c c1999 | ||
| 300 | |a xxix, 975 p.; |b ill.; |c 24 cm.+ |e 1 computer disk (3 1/2 in.) | ||
| 490 | 1 | |a McGraw-Hill series on data warehousing and data management | |
| 504 | |a Includes bibliographical references and index | ||
| 630 | 0 | 0 | |a Microsoft ODBC. |
| 650 | 0 | 0 | |a Relational databases. |
| 650 | 0 | 0 | |a Database design. |
| 650 | 0 | 0 | |a Application software |x Development. |
| 830 | 0 | |a McGraw-Hill series on data warehousing and data management | |
| 852 | |a INST |b SAMOS |e 20000208 |h 005.756 SAN |p 005300016448 |q 005300016448 |t BK |y 0 | ||
| 852 | |a INST |b SAMOS |e 20000208 |h 005.756 SAN |p 005300015679 |q 005300015679 |t BK |y 0 | ||
| 901 | |a BIBL3-2000-1 | ||
| 909 | |a Σ |b 070951 | ||
| 909 | |a Σ |b 070952 | ||
| 922 | |a 3ΕΛΗ |b 199911 |c ΤΠΕΣ |d ΠΑΠΑΣΩΤΗΡΙΟΥ | ||
| 950 | |a 133-1999-07-20 | ||
| 970 | |a ΓΕΝΟΥΖΟΥ |b ΧΡΥΣΑΝΘΗ |z 2000/02/08 | ||